| 000 | 01722nam a2200481 c 4500 | ||
|---|---|---|---|
| 001 | 58989 | ||
| 003 | DO-SdBNP | ||
| 005 | 20240206114807.0 | ||
| 007 | 58989 | ||
| 008 | 150623s2004 mx || 000 0 spa | ||
| 015 | _a | ||
| 017 |
_a _b |
||
| 020 | _a9681914481 | ||
| 035 | _a | ||
| 040 |
_aBPMSU _bspa _cBPMSU _e |
||
| 080 | _a | ||
| 080 | _a | ||
| 082 | 4 |
_a330.973 _bS855f 2004 _222 |
|
| 100 | 1 |
_aStiglitz, Joseph E. _d1943- _4 |
|
| 245 | 1 | 4 |
_aLos felices 90 : _bla semilla de la destrucción / _cJoseph E. Stiglitz ; traducción de Victoria Gordo del Rey y Moisés Ramírez Trapero ; revisión técnica de Carlos Rodríguez Braun. |
| 246 | 1 | 4 | _aLa década más próspera de la historia como causa de la crisis económica actual |
| 250 | _a | ||
| 260 |
_aMéxico, D.F. : _bTaurus, _c2004 |
||
| 300 |
_a415 p. ; _c23 cm |
||
| 336 |
_a _2 |
||
| 337 |
_a _2 |
||
| 490 | 0 | _aPensamiento | |
| 500 | _aIncluye datos biográficos del autor en la solapa de la cubierta | ||
| 504 | _a | ||
| 534 |
_pTítulo original : _t The roaring nineties : a new history of the world's most prosperous decade. _a |
||
| 586 | _aPremio Nobel de Economía | ||
| 590 | _aInventariado, 2024/VM | ||
| 610 | 1 | 4 |
_aEnron Corporation _xContabilidad. _d |
| 650 | 4 |
_aGlobalización _zEestados Unidos |
|
| 650 | 4 |
_aEconomía _zEstados Unidos _y1981-2003. |
|
| 651 | 4 |
_aEstados Unidos _xPolítica económica _y |
|
| 651 | 4 |
_aBancos _zEstados Unidos _y1981-2003. _x |
|
| 700 | 1 |
_aRamírez Trapero, Moisés, _e tr. _3 |
|
| 700 | 1 |
_aGordo del Rey, Victoria, _etr. |
|
| 700 | 1 |
_aRodríguez Braun, Carlos, _d1948- _erevisión _3 |
|
| 910 | _aVMateo V. Control de calidad. BPMSU | ||
| 942 |
_2ddc _cBK |
||
| 999 |
_c14555 _d14555 |
||